[Event "71st ch-RUS 2018"]
[Site "Satka RUS"]
[Date "2018.08.25"]
[Round "1.1"]
[White "Andreikin, Dmitry"]
[Black "Khismatullin, Denis"]
[Result "1-0"]
[WhiteTitle "GM"]
[BlackTitle "GM"]
[WhiteElo "2710"]
[BlackElo "2634"]
[WhiteFideId "4158814"]
[BlackFideId "4142578"]
[EventDate "2018.08.25"]

1. e4 c5 2. Nc3 a6 3. g3 b5 4. Bg2 Bb7 5. Nge2 e6 6. d4 cxd4 7. Nxd4 b4 8. Na4
Nf6 9. c4 d6 10. O-O Nbd7 11. Qe2 e5 12. Nf5 g6 13. Ne3 Bc6 14. b3 Bxa4 15. bxa4
Nc5 16. f4 Bg7 17. f5 O-O 18. Nd5 Nxa4 19. Bg5 Nc3 20. Nxc3 bxc3 21. Rac1 h6 22.
Be3 Qa5 23. Qd3 Ng4 24. Qxc3 Qxc3 25. Rxc3 Nxe3 26. Rxe3 Bf6 27. Rd3 Rad8 28.
fxg6 fxg6 29. Bh3 Kg7 30. Be6 Rfe8 31. Bd5 Rb8 32. Ra3 Rb6 33. h4 h5 34. Kg2
Reb8 35. Kh3 Rf8 36. Rf2 Rfb8 37. Rff3 Rf8 38. Rfb3 Bd8 39. c5 Rxb3 40. Bxb3
dxc5 41. Rxa6 Rf3 42. Ra8 Be7 43. Ra7 Kf8 44. Ra8+ Kg7 45. Ra7 Kf8 46. Bd5 g5
47. hxg5 Bxg5 48. Kg2 Rc3 49. Rf7+ Ke8 50. Rf5 Rc2+ 51. Kh3 Be7 52. Rxh5 c4 53.
Rxe5 c3 54. Re6 Kd7 55. Rc6 Bd6 56. a4 Bc7 57. Kg4 Rc1 58. Rc4 Kd8 59. Kf5 Kd7
60. Be6+ Kd8 61. Kf6 Rf1+ 62. Bf5 Rf3 63. g4 1-0

[Event "71st ch-RUS 2018"]
[Site "Satka RUS"]
[Date "2018.08.25"]
[Round "1.2"]
[White "Kobalia, Mikhail"]
[Black "Fedoseev, Vladimir3"]
[Result "1/2-1/2"]
[WhiteTitle "GM"]
[BlackTitle "GM"]
[WhiteElo "2619"]
[BlackElo "2707"]
[WhiteFideId "4119150"]
[BlackFideId "24130737"]
[EventDate "2018.08.25"]

1. e4 d6 2. d4 Nf6 3. Nc3 g6 4. Nf3 Bg7 5. Be2 O-O 6. O-O Nc6 7. h3 a6 8. Re1 e5
9. dxe5 dxe5 10. Bg5 Be6 11. Qc1 Qe8 12. Be3 Qe7 13. Ng5 Nd4 14. Nxe6 Nxe2+ 15.
Rxe2 Qxe6 16. Rd2 Rfd8 17. Qe1 Bf8 18. Rad1 Be7 19. a3 b5 20. Nd5 Nxd5 21. Rxd5
Rxd5 22. Rxd5 c6 23. Rd2 Rd8 24. Rxd8+ Bxd8 25. Qd2 Be7 26. Qa5 Qc8 27. Qc3 Bd6
28. Bc5 Qe6 29. Be3 Qe8 30. Bc5 Qe7 31. Be3 Qc7 32. Bc5 Qe7 33. Be3 Qd7 34. Qa5
Qc8 35. Qd2 Bf8 36. Bg5 Qc7 37. Bf6 h5 38. Qd8 Qxd8 39. Bxd8 f5 40. f3 Kf7 41.
Kf2 Ke6 42. Ke2 Kd7 1/2-1/2

[Event "71st ch-RUS 2018"]
[Site "Satka RUS"]
[Date "2018.08.25"]
[Round "1.3"]
[White "Jakovenko, Dmitry"]
[Black "Tomashevsky, Evgeny"]
[Result "1/2-1/2"]
[WhiteTitle "GM"]
[BlackTitle "GM"]
[WhiteElo "2748"]
[BlackElo "2702"]
[WhiteFideId "4122356"]
[BlackFideId "4147235"]
[EventDate "2018.08.25"]

1. e4 e5 2. Nf3 Nc6 3. Bb5 a6 4. Ba4 Nf6 5. d3 d6 6. c3 g6 7. h3 Bg7 8. Be3 O-O
9. Nbd2 Bd7 10. O-O Re8 11. Re1 h6 12. Nf1 d5 13. Ng3 b5 14. Bc2 Rb8 15. Qd2 Kh7
16. Rad1 Be6 17. d4 exd4 18. Nxd4 Nxd4 19. Bxd4 dxe4 20. Qf4 Nd5 21. Qxe4 c6 22.
Nh5 f5 23. Qd3 Bxd4 24. Qxd4 Qc7 25. Ng3 c5 26. Qd3 Rbd8 27. Qf3 Qf4 28. Qxf4
Nxf4 29. b3 Kg7 30. Rxd8 Rxd8 31. Ne2 Nxe2+ 32. Rxe2 Kf6 33. f4 g5 34. Kf2 b4
35. cxb4 cxb4 36. g3 gxf4 37. gxf4 a5 38. Ke3 Bf7 39. Rd2 Re8+ 40. Kf2 Rc8 41.
Rd6+ 1/2-1/2

[Event "71st ch-RUS 2018"]
[Site "Satka RUS"]
[Date "2018.08.25"]
[Round "1.4"]
[White "Nepomniachtchi, Ian"]
[Black "Vitiugov, Nikita"]
[Result "1/2-1/2"]
[WhiteTitle "GM"]
[BlackTitle "GM"]
[WhiteElo "2768"]
[BlackElo "2730"]
[WhiteFideId "4168119"]
[BlackFideId "4152956"]
[EventDate "2018.08.25"]

1. c4 Nf6 2. Nc3 e5 3. Nf3 Nc6 4. g3 Bb4 5. Bg2 O-O 6. O-O Re8 7. Nd5 Bc5 8. e3
d6 9. d4 Bg4 10. dxc5 e4 11. h3 exf3 12. hxg4 fxg2 13. Kxg2 dxc5 14. f3 Ne5 15.
e4 Nxc4 16. Qc2 Nxd5 17. Qxc4 Nb4 18. Qxc5 Nd3 19. Qc3 Nxc1 20. Raxc1 c6 21.
Rfd1 Qe7 22. Rd4 Rad8 23. Rcd1 h6 24. a3 Rxd4 25. Qxd4 c5 26. Qd7 Kf8 27. Qb5 a6
28. Qa5 Rc8 29. Rd5 Kg8 30. Qd2 c4 31. Rd7 Qf6 32. Qb4 b5 33. Qc3 Qc6 34. Rd5
Qf6 35. e5 Qe7 36. f4 Qc7 37. Kh2 Rd8 38. Qd4 Rxd5 39. Qxd5 Qb6 40. Qa8+ Kh7 41.
Qe4+ 1/2-1/2

[Event "71st ch-RUS 2018"]
[Site "Satka RUS"]
[Date "2018.08.25"]
[Round "1.6"]
[White "Oparin, Grigoriy"]
[Black "Inarkiev, Ernesto"]
[Result "1/2-1/2"]
[WhiteTitle "GM"]
[BlackTitle "GM"]
[WhiteElo "2609"]
[BlackElo "2690"]
[WhiteFideId "24125890"]
[BlackFideId "4162722"]
[EventDate "2018.08.25"]

1. c4 e5 2. Nc3 Bb4 3. Qc2 Nf6 4. Nf3 Qe7 5. g3 e4 6. Nd4 O-O 7. Bg2 Qc5 8. a3
Qxd4 9. axb4 Qxc4 10. b3 Qe6 11. Nxe4 Nc6 12. Nxf6+ Qxf6 13. Bb2 Nxb4 14. Qc1
Qg6 15. Ra4 a5 16. O-O c6 17. Qa1 Nc2 18. Qa2 d5 19. d3 Re8 20. Rxa5 Nb4 21. Qa4
Na6 22. Qh4 Bg4 23. e4 Nb4 24. Rxa8 Rxa8 25. Bc3 Nxd3 26. exd5 Re8 27. h3 Bf5
28. Qc4 h5 29. b4 cxd5 30. Qxd5 Be4 31. Bxe4 Qxe4 32. Qxe4 Rxe4 33. Rd1 Nxb4 34.
Rd8+ Kh7 35. Rd7 Kg6 36. Rxb7 Nd5 37. Bb2 h4 38. Rb5 Nc7 39. Rb3 f6 40. Kg2 Ne6
41. Re3 Rxe3 42. fxe3 hxg3 43. Kxg3 Kf5 44. h4 Nc5 45. Kf3 Ne4 46. Bc1 Nd6 47.
Bb2 Nc4 48. Bd4 Nd2+ 49. Ke2 Ne4 50. Kf3 Nd6 51. Bb2 Nf7 52. e4+ Kg6 53. Kg4
Nh6+ 54. Kf4 Nf7 55. e5 fxe5+ 56. Bxe5 Nxe5 57. Kxe5 Kh5 58. Kf5 Kxh4 59. Kg6
Kg4 60. Kxg7 1/2-1/2

[Event "71st ch-RUS 2018"]
[Site "Satka RUS"]
[Date "2018.08.26"]
[Round "2.1"]
[White "Khismatullin, Denis"]
[Black "Inarkiev, Ernesto"]
[Result "0-1"]
[WhiteTitle "GM"]
[BlackTitle "GM"]
[WhiteElo "2634"]
[BlackElo "2690"]
[WhiteFideId "4142578"]
[BlackFideId "4162722"]
[EventDate "2018.08.25"]

1. e4 e5 2. Nf3 Nc6 3. d4 exd4 4. Bc4 Nf6 5. e5 Ng4 6. O-O Be7 7. Re1 d6 8. exd6
Qxd6 9. b3 O-O 10. Ba3 Qd8 11. Bxe7 Nxe7 12. Qxd4 Qxd4 13. Nxd4 Nf5 14. Nxf5
Bxf5 15. Re7 Rac8 16. Nc3 Nf6 17. Nb5 a6 18. Nxc7 Bxc2 19. Nd5 b5 20. Nxf6+ gxf6
21. Be2 Rfd8 22. Ra7 Rc6 23. Rc1 Re8 24. Bf3 Be4 25. Re1 Re5 26. Bxe4 Rxe4 27.
Kf1 f5 28. a4 Rb4 29. axb5 axb5 30. Re5 Rc1+ 31. Ke2 Rc2+ 32. Kd3 Rxf2 33. Kc3
Rg4 34. Rxb5 Rg6 35. Rbb7 Rf6 36. Ra8+ Kg7 37. Rbb8 Rc6+ 38. Kd4 Kf6 39. Rg8
Rd2+ 40. Ke3 Rb2 41. Ra1 Re6+ 42. Kf3 Rd6 43. Ke3 Rbd2 44. Rg3 h5 45. Ra4 h4 46.
Rxh4 Ke5 0-1

[Event "71st ch-RUS 2018"]
[Site "Satka RUS"]
[Date "2018.08.26"]
[Round "2.3"]
[White "Vitiugov, Nikita"]
[Black "Sarana, Alexey"]
[Result "1/2-1/2"]
[WhiteTitle "GM"]
[BlackTitle "GM"]
[WhiteElo "2730"]
[BlackElo "2613"]
[WhiteFideId "4152956"]
[BlackFideId "24133795"]
[EventDate "2018.08.25"]

1. e4 c5 2. Nf3 d6 3. d4 cxd4 4. Nxd4 Nf6 5. Nc3 a6 6. g3 e5 7. Nde2 Be7 8. Bg2
O-O 9. O-O b5 10. Nd5 Nbd7 11. Nec3 Nb6 12. Nxf6+ Bxf6 13. b3 Qc7 14. Qd2 Be6
15. Bb2 Rac8 16. Rfc1 h6 17. h4 Rfd8 18. a4 bxa4 19. Nxa4 Nxa4 20. Rxa4 Qb7 21.
Bf1 Rc6 22. Bd3 d5 23. Qe2 d4 24. Rca1 Be7 25. Bxa6 Qc7 26. Bd3 Rc8 27. Ra7 Qd8
28. Ba3 Bd6 29. Bxd6 Qxd6 30. R1a5 Rc5 31. R7a6 Qe7 32. Kg2 Rc3 33. Ra7 Qf6 34.
Rb5 g5 35. h5 Re8 36. Kg1 Rcc8 37. Raa5 Bd7 38. Rd5 Bh3 39. Ra6 Be6 40. Rb5 Ra8
41. Rba5 Rxa6 42. Rxa6 Rc8 43. b4 Qe7 44. b5 Qb4 45. Kh2 Kg7 46. f4 exf4 47.
gxf4 gxf4 48. e5 Qe7 49. Qg2+ Kh8 50. Ra8 Qh4+ 51. Kg1 Qe1+ 52. Bf1 Qe3+ 53. Kh1
Qxe5 54. Rxc8+ Bxc8 55. Qc6 Be6 56. Bg2 Kg7 57. b6 Qe1+ 58. Kh2 Qg3+ 59. Kg1
Qe3+ 60. Kh2 Qg3+ 61. Kg1 Qe3+ 1/2-1/2

[Event "71st ch-RUS 2018"]
[Site "Satka RUS"]
[Date "2018.08.26"]
[Round "2.4"]
[White "Tomashevsky, Evgeny"]
[Black "Nepomniachtchi, Ian"]
[Result "1/2-1/2"]
[WhiteTitle "GM"]
[BlackTitle "GM"]
[WhiteElo "2702"]
[BlackElo "2768"]
[WhiteFideId "4147235"]
[BlackFideId "4168119"]
[EventDate "2018.08.25"]

1. d4 Nf6 2. c4 g6 3. Nc3 d5 4. cxd5 Nxd5 5. Bd2 Bg7 6. e4 Nxc3 7. Bxc3 O-O 8.
Qd2 c5 9. d5 Bxc3 10. bxc3 Qd6 11. f4 e6 12. Bc4 b5 13. Bxb5 exd5 14. Bc4 Bb7
15. Nf3 Rd8 16. Bxd5 Bxd5 17. Qxd5 Qxd5 18. exd5 Rxd5 19. Rd1 Rxd1+ 20. Kxd1 Nd7
21. Re1 Kf8 22. Kc2 Nb6 23. Re5 Rc8 24. g3 f6 25. Re1 Kf7 26. Rb1 Re8 27. Kd3
Rd8+ 28. Kc2 Re8 29. Kd3 Rd8+ 30. Ke4 1/2-1/2

[Event "71st ch-RUS 2018"]
[Site "Satka RUS"]
[Date "2018.08.26"]
[Round "2.5"]
[White "Fedoseev, Vladimir3"]
[Black "Jakovenko, Dmitry"]
[Result "1/2-1/2"]
[WhiteTitle "GM"]
[BlackTitle "GM"]
[WhiteElo "2707"]
[BlackElo "2748"]
[WhiteFideId "24130737"]
[BlackFideId "4122356"]
[EventDate "2018.08.25"]

1. e4 e5 2. Nf3 Nc6 3. d4 exd4 4. Nxd4 Nf6 5. Nxc6 bxc6 6. Bd3 d5 7. exd5 cxd5
8. O-O Be7 9. c4 O-O 10. cxd5 Bb7 11. Bc4 Bxd5 12. Bxd5 Nxd5 13. Nd2 c6 14. Re1
Rb8 15. Ne4 f5 16. Ng3 f4 17. Ne4 f3 18. gxf3 Qd7 19. Qe2 Rf7 20. Kh1 Rbf8 21.
b3 Rxf3 22. Bb2 R3f4 23. Rac1 R8f7 24. Be5 R4f5 25. Ba1 Nf4 26. Qc4 Nd3 27. Rcd1
Rd5 28. Rg1 Ne5 29. Rxd5 cxd5 30. Qd4 dxe4 31. Qxe5 Bf6 32. Qxe4 Bxa1 33. Rxa1
Rxf2 34. Kg1 Rf8 35. Rf1 Rc8 36. Qf5 Qc7 37. Qd5+ Kh8 38. Qf7 Qc5+ 39. Qf2 Qg5+
40. Qg3 Qe7 41. Qf4 h6 42. Qf2 Rd8 43. Qf3 a6 44. Kh1 Re8 45. Qf2 Qc7 46. Qf3
Qc2 47. a3 Re5 48. b4 Kh7 49. Qf2 Qd3 50. Qf3 Re3 51. Qf5+ Qxf5 52. Rxf5 Rxa3
53. Rc5 Ra4 54. Rc6 Rxb4 1/2-1/2

[Event "71st ch-RUS 2018"]
[Site "Satka RUS"]
[Date "2018.08.26"]
[Round "2.6"]
[White "Andreikin, Dmitry"]
[Black "Kobalia, Mikhail"]
[Result "1/2-1/2"]
[WhiteTitle "GM"]
[BlackTitle "GM"]
[WhiteElo "2710"]
[BlackElo "2619"]
[WhiteFideId "4158814"]
[BlackFideId "4119150"]
[EventDate "2018.08.25"]

1. e4 c6 2. d4 d5 3. exd5 cxd5 4. Nf3 Nc6 5. Ne5 e6 6. Bb5 Bd7 7. Nxd7 Qxd7 8.
c3 Nf6 9. O-O Bd6 10. Nd2 O-O 11. Re1 Qc7 12. g3 Rfe8 13. Nf3 Ne4 14. Ng5 Nxg5
15. Bxg5 a6 16. Bd3 Na5 17. Qg4 Be7 18. h4 Nc4 19. Re2 b5 20. Rae1 Qd7 21. Bxe7
Rxe7 22. Qh5 g6 23. Qg5 Ree8 24. h5 Qd8 25. Qf4 Qd6 26. Qg4 Qf8 27. hxg6 hxg6
28. Bxg6 Qg7 29. Bh5 Qxg4 30. Bxg4 Rec8 31. Rc2 a5 32. Be2 b4 33. Rec1 Nd6 34.
c4 dxc4 35. Bxc4 Nf5 36. Rd1 a4 37. b3 Nd6 38. Rdc1 Nf5 39. Rd1 Nd6 40. Kf1 axb3
41. axb3 Nxc4 42. Rxc4 Rxc4 43. bxc4 Rc8 44. c5 e5 45. dxe5 Rxc5 46. f4 Rb5 47.
Rb1 b3 48. Rb2 f6 49. exf6 Kf7 50. Ke2 Rb8 51. Kd2 Kxf6 52. Kc3 Rg8 53. Rg2 Kf5
54. Kxb3 Ke4 55. Rg1 Rb8+ 56. Kc4 Rc8+ 57. Kb5 Kf3 58. f5 Kg4 59. Rf1 Rf8 60. f6
Kg5 61. f7 Kg6 62. Kc6 Rxf7 63. Rxf7 Kxf7 64. Kd5 Kf6 65. g4 Kg5 66. Ke4 Kxg4 1/2-1/2

[Event "71st ch-RUS 2018"]
[Site "Satka RUS"]
[Date "2018.08.27"]
[Round "3.1"]
[White "Kobalia, Mikhail"]
[Black "Khismatullin, Denis"]
[Result "1/2-1/2"]
[WhiteTitle "GM"]
[BlackTitle "GM"]
[WhiteElo "2619"]
[BlackElo "2634"]
[WhiteFideId "4119150"]
[BlackFideId "4142578"]
[EventDate "2018.08.25"]

1. e4 e5 2. Nf3 Nf6 3. Nxe5 d6 4. Nf3 Nxe4 5. d4 d5 6. Bd3 Be7 7. O-O Bf5 8. Re1
O-O 9. c4 Nc6 10. Nc3 Nxc3 11. bxc3 Bxd3 12. Qxd3 dxc4 13. Qxc4 Qd7 14. d5 Na5
15. Qd3 Rae8 16. Bd2 b6 17. Ne5 Qd8 18. c4 Bd6 19. Nf3 Nb7 20. Ng5 g6 21. Qd4
Nc5 22. Bc3 f6 23. Ne6 Nxe6 24. dxe6 Qe7 25. Rad1 Bb4 26. Bxb4 Qxb4 27. Re3 Re7
28. h4 Qd6 29. Qxd6 cxd6 30. Rxd6 Rc8 31. h5 gxh5 32. Rd7 Rce8 33. Ra3 a5 34.
Rg3+ Kf8 35. Rf3 Rxe6 36. Rxh7 Rc6 37. Rf4 Re1+ 38. Kh2 Re7 39. Rxh5 Rec7 40.
Kg3 Rd7 41. f3 Rd2 42. Rh7 Re6 43. Rb7 Rxa2 44. Rh4 Re7 45. Rxb6 Rg7+ 46. Kf4
Raxg2 47. Rxf6+ Rf7 48. Rxf7+ Kxf7 49. Ke5 a4 50. Rh7+ Ke8 51. Ra7 Ra2 52. f4 a3
53. f5 Re2+ 54. Kf6 a2 55. c5 Rc2 56. Ke6 Re2+ 57. Kd6 Rd2+ 58. Kc6 Rf2 59. Kd6
Rd2+ 60. Ke6 Re2+ 61. Kf6 Rc2 62. Ra6 Kd7 63. Kg6 Kc7 64. f6 Rg2+ 65. Kf7 Kb7
66. Ra5 Kc6 67. Ke7 Re2+ 68. Kf8 Rf2 69. f7 Re2 70. Kg7 Rg2+ 71. Kf6 Rf2+ 72.
Ke7 Re2+ 73. Kd8 Rd2+ 74. Kc8 Rf2 75. Ra6+ Kxc5 76. Kd8 Rxf7 77. Rxa2 1/2-1/2

[Event "71st ch-RUS 2018"]
[Site "Satka RUS"]
[Date "2018.08.27"]
[Round "3.2"]
[White "Jakovenko, Dmitry"]
[Black "Andreikin, Dmitry"]
[Result "1/2-1/2"]
[WhiteTitle "GM"]
[BlackTitle "GM"]
[WhiteElo "2748"]
[BlackElo "2710"]
[WhiteFideId "4122356"]
[BlackFideId "4158814"]
[EventDate "2018.08.25"]

1. d4 Nf6 2. c4 e6 3. g3 Bb4+ 4. Bd2 Be7 5. Bg2 d5 6. Nf3 O-O 7. O-O Nbd7 8. Qc2
c6 9. a4 Ne4 10. Bc1 a5 11. Nbd2 f5 12. Ne1 Bf6 13. cxd5 cxd5 14. Ndf3 Ra6 15.
Nd3 Rc6 16. Qb3 Rc4 17. Be3 b6 18. Rfc1 Ba6 19. Qd1 Qe7 20. b3 Rcc8 21. h4 h6
22. Rxc8 Rxc8 23. Rc1 Qd8 24. h5 Rxc1 25. Qxc1 Qc8 26. Qxc8+ Bxc8 27. Nf4 Kf7
28. Ne1 Nb8 29. Nc2 Nc6 30. Kf1 Ba6 31. Ke1 b5 32. axb5 Bxb5 33. Na3 Ba6 34. Nc2
Bb5 35. Na3 Ba6 36. Nc2 Nc3 37. Kd2 Ne4+ 1/2-1/2

[Event "71st ch-RUS 2018"]
[Site "Satka RUS"]
[Date "2018.08.27"]
[Round "3.4"]
[White "Sarana, Alexey"]
[Black "Tomashevsky, Evgeny"]
[Result "1/2-1/2"]
[WhiteTitle "GM"]
[BlackTitle "GM"]
[WhiteElo "2613"]
[BlackElo "2702"]
[WhiteFideId "24133795"]
[BlackFideId "4147235"]
[EventDate "2018.08.25"]

1. d4 Nf6 2. c4 e6 3. Nf3 d5 4. Nc3 dxc4 5. e4 b5 6. e5 Nd5 7. Nxb5 Nb6 8. Be2
Nc6 9. Bg5 Be7 10. Qd2 Bb7 11. O-O O-O 12. Rfd1 Bxg5 13. Nxg5 h6 14. Nf3 Ne7 15.
Rac1 Nf5 16. Na3 Bd5 17. Nxc4 Nxc4 18. Bxc4 Bxf3 19. gxf3 Qh4 20. d5 Rad8 21.
Bb3 Rd7 22. Kh1 exd5 23. Bc2 Qh5 24. Qd3 g6 25. Rg1 Ng7 26. f4 c5 27. b3 Rfd8
28. Bd1 Qh4 29. Qg3 Qxg3 30. hxg3 Rc7 31. Bf3 Nf5 32. Rgd1 Ne7 33. Rc2 h5 34.
Rdc1 Rdc8 35. Be2 a5 36. Ba6 Ra8 37. Bf1 Rac8 38. Bh3 Nf5 39. Bxf5 gxf5 40. Rd1
Rd7 41. Kg2 Kg7 42. Kf3 Kg6 43. Rd4 Kg7 44. Rc1 Kg6 45. Ke2 f6 46. Kd2 Kf7 47.
Rd3 fxe5 48. fxe5 Ke6 49. Rdc3 Rdc7 50. f4 d4 51. Rc4 Kd5 52. Ke2 Rb7 53. Ra4
Rb5 54. Rh1 Rh8 55. Kf3 Rh6 56. Rh2 Rh7 57. Rh1 1/2-1/2

[Event "71st ch-RUS 2018"]
[Site "Satka RUS"]
[Date "2018.08.28"]
[Round "4.2"]
[White "Vitiugov, Nikita"]
[Black "Inarkiev, Ernesto"]
[Result "1/2-1/2"]
[WhiteTitle "GM"]
[BlackTitle "GM"]
[WhiteElo "2730"]
[BlackElo "2690"]
[WhiteFideId "4152956"]
[BlackFideId "4162722"]
[EventDate "2018.08.25"]

1. d4 d5 2. c4 e6 3. Nc3 Bb4 4. e3 Nf6 5. Nf3 O-O 6. Bd2 b6 7. cxd5 exd5 8. Rc1
Be7 9. Bd3 Bb7 10. O-O c5 11. dxc5 bxc5 12. Re1 Nc6 13. Bb1 Re8 14. e4 dxe4 15.
Nxe4 Nd4 16. Bc3 Nxe4 17. Bxe4 Bxe4 18. Rxe4 Qd5 19. Re5 Nxf3+ 20. Qxf3 Qxf3 21.
gxf3 f6 22. Re4 Kf7 23. Ra4 Red8 24. Re1 Rd7 25. Ree4 Rb8 26. Ra6 Bd8 27. Rc6
Bb6 28. a4 Rc7 29. Rd6 c4 30. Kg2 Bc5 31. Rd5 Bb4 32. Rdd4 Bxc3 33. bxc3 Rb3 34.
Rxc4 Rxc3 35. Rxc3 Rxc3 36. Rb4 Rc7 37. Rb5 g5 38. Ra5 Rc4 39. Rxa7+ Kg6 40. Ra8
h5 41. a5 Ra4 42. a6 Kf5 43. a7 Ra1 44. Kh3 Ra3 45. Kg3 Ra4 46. h4 gxh4+ 47. Kh3
Kf4 48. Rf8 Rxa7 49. Rxf6+ Kg5 50. Rf8 Ra4 51. f4+ Rxf4 52. Rxf4 Kxf4 53. Kxh4
Kf3 54. Kxh5 Kxf2 1/2-1/2

[Event "71st ch-RUS 2018"]
[Site "Satka RUS"]
[Date "2018.08.28"]
[Round "4.3"]
[White "Tomashevsky, Evgeny"]
[Black "Oparin, Grigoriy"]
[Result "1/2-1/2"]
[WhiteTitle "GM"]
[BlackTitle "GM"]
[WhiteElo "2702"]
[BlackElo "2609"]
[WhiteFideId "4147235"]
[BlackFideId "24125890"]
[EventDate "2018.08.25"]

1. Nf3 c5 2. c4 Nf6 3. g3 b6 4. Bg2 Bb7 5. O-O e6 6. Nc3 Be7 7. d4 cxd4 8. Qxd4
O-O 9. Rd1 d6 10. b3 Nbd7 11. Bb2 a6 12. e4 Qb8 13. Qe3 Re8 14. Nd4 Bf8 15. Qd2
Qa7 16. Re1 Rad8 17. Rad1 Qa8 18. Re2 g6 19. Qe1 Bg7 20. h3 Nc5 21. Bc1 Qb8 22.
Bb2 Qa8 23. Bc1 Qb8 24. Bb2 1/2-1/2

[Event "71st ch-RUS 2018"]
[Site "Satka RUS"]
[Date "2018.08.28"]
[Round "4.4"]
[White "Fedoseev, Vladimir3"]
[Black "Sarana, Alexey"]
[Result "1/2-1/2"]
[WhiteTitle "GM"]
[BlackTitle "GM"]
[WhiteElo "2707"]
[BlackElo "2613"]
[WhiteFideId "24130737"]
[BlackFideId "24133795"]
[EventDate "2018.08.25"]

1. d4 Nf6 2. Nf3 d5 3. c4 e6 4. g3 Bb4+ 5. Bd2 Be7 6. Bg2 O-O 7. O-O c6 8. Qc2
b6 9. Ne5 Bb7 10. Rd1 Nbd7 11. cxd5 cxd5 12. Nc6 Bxc6 13. Qxc6 Qc8 14. Qa4 b5
15. Qxb5 Rb8 16. Qd3 Rxb2 17. Nc3 Nb6 18. Rdb1 Nc4 19. Bc1 Rb6 20. a4 h6 21.
Rxb6 axb6 22. Rb1 Qc7 23. Bf4 Bd6 24. Nb5 Qc6 25. Nxd6 Nxd6 26. Bxd6 Qxd6 27.
Qa6 Nd7 28. e3 Qc6 29. Bf1 Qc7 30. Bd3 Rb8 31. Kg2 g6 32. Rb2 Nf6 33. Rc2 Qd8
34. Qb5 Kg7 35. Qb4 h5 36. h3 Ne8 37. Rc6 Qd7 38. Bb5 Nc7 39. Qc3 Nxb5 40. axb5
Kg8 41. h4 Qd8 42. Qa3 Ra8 43. Qd6 Qf6 44. Qe5 Kg7 45. Rxb6 Ra2 46. Qxf6+ Kxf6
47. Rb7 Ra1 48. b6 Rb1 49. Rb8 Kf5 50. f3 Rb2+ 51. Kh3 Rb3 52. b7 Kf6 53. Kg2
Rb2+ 54. Kf1 Ke7 55. e4 Kf6 56. Ke1 Rb4 57. Kf2 Rb3 58. Ke2 Kg7 59. e5 Kh7 60.
g4 hxg4 61. fxg4 Kg7 62. Kd2 Kh7 63. Kc2 Rb6 1/2-1/2

[Event "71st ch-RUS 2018"]
[Site "Satka RUS"]
[Date "2018.08.28"]
[Round "4.5"]
[White "Andreikin, Dmitry"]
[Black "Nepomniachtchi, Ian"]
[Result "1/2-1/2"]
[WhiteTitle "GM"]
[BlackTitle "GM"]
[WhiteElo "2710"]
[BlackElo "2768"]
[WhiteFideId "4158814"]
[BlackFideId "4168119"]
[EventDate "2018.08.25"]

1. d4 Nf6 2. c4 g6 3. Nc3 d5 4. cxd5 Nxd5 5. e4 Nxc3 6. bxc3 Bg7 7. Nf3 c5 8.
Be2 Bg4 9. Rb1 O-O 10. O-O cxd4 11. cxd4 Bxf3 12. Bxf3 Bxd4 13. Rxb7 Nc6 14. Qa4
Qc8 15. Rb3 Qe6 16. e5 Rac8 17. Bxc6 Qxc6 18. Qxd4 Qxc1 19. e6 Qc5 20. exf7+
Rxf7 21. Qd2 Qc2 22. Qe3 Qxa2 23. Ra3 Qc4 24. Rxa7 Qc5 25. Ra8 Qc6 26. Rxc8+
Qxc8 27. h4 Qf5 28. g3 Qf3 29. Qd4 Qf6 30. Qd2 Qd6 31. Qe2 h5 32. Rd1 Qc5 33.
Rd3 Rf6 34. Rd8+ Kg7 35. Qa2 Rf7 36. Qb2+ Rf6 37. Rd7 Kf7 38. Qb3+ Kg7 39. Qb2
Kf7 40. Rd3 Qc4 41. Rd4 Qc6 42. Qd2 Rd6 43. Qf4+ Kg8 44. Rxd6 Qxd6 45. Qc4+ 1/2-1/2

[Event "71st ch-RUS 2018"]
[Site "Satka RUS"]
[Date "2018.08.28"]
[Round "4.6"]
[White "Kobalia, Mikhail"]
[Black "Jakovenko, Dmitry"]
[Result "1-0"]
[WhiteTitle "GM"]
[BlackTitle "GM"]
[WhiteElo "2619"]
[BlackElo "2748"]
[WhiteFideId "4119150"]
[BlackFideId "4122356"]
[EventDate "2018.08.25"]

1. e4 c5 2. Nf3 d6 3. d4 cxd4 4. Nxd4 Nf6 5. Nc3 a6 6. f3 e5 7. Nb3 Be6 8. Be3
Nbd7 9. Qd2 Be7 10. g4 O-O 11. O-O-O b5 12. g5 Nh5 13. Nd5 Bxd5 14. exd5 f5 15.
Rg1 f4 16. Bf2 Bxg5 17. Bh3 Be7 18. Na5 Qc7 19. Nc6 Rae8 20. Qb4 Nhf6 21. Qa3 e4
22. Nd4 Nc5 23. b4 Nd3+ 24. Rxd3 exd3 25. Qxd3 Rf7 26. Be6 Rf8 27. Nf5 Kh8 28.
Bd4 Nh5 29. Bxf7 Rxf7 30. Re1 Kg8 31. Re6 Bf8 32. Bc3 Qd8 33. Qe4 Qg5 34. Nxd6
Rd7 35. Be5 h6 36. Rg6 Qh4 37. Nf5 Qh3 38. Nxh6+ Kh8 39. Ng4 1-0

[Event "71st ch-RUS 2018"]
[Site "Satka RUS"]
[Date "2018.08.29"]
[Round "5.1"]
[White "Jakovenko, Dmitry"]
[Black "Khismatullin, Denis"]
[Result "1/2-1/2"]
[WhiteTitle "GM"]
[BlackTitle "GM"]
[WhiteElo "2748"]
[BlackElo "2634"]
[WhiteFideId "4122356"]
[BlackFideId "4142578"]
[EventDate "2018.08.25"]

1. Nf3 Nf6 2. c4 e6 3. Nc3 d5 4. d4 dxc4 5. e4 Bb4 6. Bg5 c5 7. Bxc4 cxd4 8.
Nxd4 Bxc3+ 9. bxc3 Qa5 10. Bb5+ Nbd7 11. Bxf6 Qxc3+ 12. Kf1 gxf6 13. h4 a6 14.
Rh3 Qb4 15. Be2 Ne5 16. Rb1 Qd6 17. a4 Bd7 18. Rxb7 O-O 19. Rg3+ Kh8 20. Qa1
Rfb8 21. Rgb3 Rxb7 22. Rxb7 a5 23. g3 Bc6 24. Rb6 Qc5 25. Rxc6 Nxc6 26. Nxc6
Qxc6 27. Qxf6+ Kg8 28. Qg5+ Kf8 29. Qh6+ Kg8 30. Qg5+ Kf8 31. Qh6+ Kg8 32. Qg5+ 1/2-1/2

[Event "71st ch-RUS 2018"]
[Site "Satka RUS"]
[Date "2018.08.29"]
[Round "5.2"]
[White "Nepomniachtchi, Ian"]
[Black "Kobalia, Mikhail"]
[Result "1/2-1/2"]
[WhiteTitle "GM"]
[BlackTitle "GM"]
[WhiteElo "2768"]
[BlackElo "2619"]
[WhiteFideId "4168119"]
[BlackFideId "4119150"]
[EventDate "2018.08.25"]

1. c4 c6 2. Nf3 d5 3. g3 Nf6 4. Bg2 dxc4 5. O-O Nbd7 6. Na3 Nb6 7. Qc2 g6 8.
Nxc4 Nxc4 9. Qxc4 Bg7 10. Re1 O-O 11. d4 Ne4 12. Bf4 Be6 13. Qc2 f5 14. e3 Bd5
15. Ne5 Nf6 16. Nd3 Bxg2 17. Kxg2 Qd5+ 18. f3 Nd7 19. a4 Rac8 20. Rad1 c5 21. e4
fxe4 22. fxe4 Qh5 23. dxc5 Nxc5 24. Nxc5 Rxc5 25. Qe2 Qxe2+ 26. Rxe2 b5 27. Rd5
Rxd5 28. exd5 bxa4 29. Rxe7 Rd8 30. d6 g5 31. Bxg5 Rxd6 32. Rxa7 Bxb2 33. Rxa4
Kg7 34. Bf4 Rc6 35. Kf3 Kg6 36. Ra5 Bc1 37. h4 Bxf4 38. gxf4 Rc1 39. h5+ Kf6 40.
Ra7 h6 41. Ra6+ Kf5 42. Ra5+ Kf6 43. Kg3 Rg1+ 44. Kf2 Rb1 45. Kg2 Rc1 46. Kf3
Rf1+ 47. Kg3 Rg1+ 48. Kf2 Rb1 49. Rd5 Ra1 50. Kg2 1/2-1/2